| 000 | 00595nam a22002057a 4500 | ||
|---|---|---|---|
| 003 | OSt | ||
| 005 | 20150602150230.0 | ||
| 008 | 150602b xxu||||| |||| 00| 0 eng d | ||
| 020 | _a0471314315 | ||
| 040 | _cDDC | ||
| 082 | _aQV 778 A11J 2000 | ||
| 100 |
_aEditor Miller, James _95156 |
||
| 245 |
_aAnalytical chemistry in a GMP environment: _ba practical guide |
||
| 260 |
_aNew york; _bJohn Wiley _c2000 |
||
| 300 |
_axxiv,488p; _bill: _c24cm |
||
| 504 | _aReferences, & index included | ||
| 650 |
_aAnalytical chemistry _94235 |
||
| 700 |
_aCrowther, Jonathan B. _95157 |
||
| 942 |
_2z _cO_SHELF |
||
| 999 |
_c1962 _d1962 |
||